| 000 -LEADER |
| fixed length control field |
00340nam a22001217a 4500 |
| 008 - FIXED-LENGTH DATA ELEMENTS--GENERAL INFORMATION |
| fixed length control field |
250701b ||||| |||| 00| 0 eng d |
| 020 ## - INTERNATIONAL STANDARD BOOK NUMBER |
| International Standard Book Number |
9781419723445 |
| 082 ## - DEWEY DECIMAL CLASSIFICATION NUMBER |
| Classification number |
FIC KIN |
| 100 ## - MAIN ENTRY--PERSONAL NAME |
| Personal name |
KINNEY,JEFF |
| Relator term |
AUTHOR |
| 245 ## - TITLE STATEMENT |
| Title |
DIARY OF A WIMPY KID |
| Remainder of title |
DOUBLE DOWN |
| 260 ## - PUBLICATION, DISTRIBUTION, ETC. |
| Place of publication, distribution, etc. |
115 WEST 18TH STREET,NEW YORK,NY10011 |
| Name of publisher, distributor, etc. |
AMULET BOOKS |
| Date of publication, distribution, etc. |
2016 |
| 942 ## - ADDED ENTRY ELEMENTS (KOHA) |
| Source of classification or shelving scheme |
|